The notion of superstition in Russian and Vietnamese cultures; Коммуникативные аспекты языка и культуры; Ч. 3
| Parent link: | Коммуникативные аспекты языка и культуры: сборник материалов XIV Международной научно-практической конференции студентов и молодых ученых, г. Томск, 21-23 мая 2014 г./ Национальный исследовательский Томский политехнический университет (ТПУ), Институт международного образования и языковой коммуникации (ИМОЯК) ; под ред. С. А. Песоцкой.— , 2014 Ч. 3.— 2014.— [P. 26-30] |
|---|---|
| المؤلف الرئيسي: | |
| مؤلف مشترك: | |
| مؤلفون آخرون: | , , |
| الملخص: | Заглавие с титульного экрана |
| اللغة: | الإنجليزية |
| منشور في: |
2014
|
| سلاسل: | Круглые столы студентов технических факультетов |
| الموضوعات: | |
| الوصول للمادة أونلاين: | http://earchive.tpu.ru/handle/11683/21420 http://www.lib.tpu.ru/fulltext/c/2014/C77/V3/007.pdf |
| التنسيق: | الكتروني فصل الكتاب |
| KOHA link: | https://koha.lib.tpu.ru/cgi-bin/koha/opac-detail.pl?biblionumber=609948 |
MARC
| LEADER | 00000naa2a2200000 4500 | ||
|---|---|---|---|
| 001 | 609948 | ||
| 005 | 20260330140354.0 | ||
| 035 | |a (RuTPU)RU\TPU\conf\7503 | ||
| 035 | |a RU\TPU\conf\7498 | ||
| 090 | |a 609948 | ||
| 100 | |a 20141217d2014 k y0rusy50 ba | ||
| 101 | 0 | |a eng | |
| 102 | |a RU | ||
| 135 | |a drcn ---uucaa | ||
| 181 | 0 | |a i | |
| 182 | 0 | |a b | |
| 200 | 1 | |a The notion of superstition in Russian and Vietnamese cultures |f N. V. Kosheutova, P. M. Osina |g sci. adv. A. V. Loginova, N. V. Aksenova | |
| 203 | |a Текст |c электронный | ||
| 225 | 1 | |a Круглые столы студентов технических факультетов | |
| 300 | |a Заглавие с титульного экрана | ||
| 320 | |a [Ref.: p. 30 (5 tit.)] | ||
| 337 | |a Adobe Reader | ||
| 461 | 1 | |0 (RuTPU)RU\TPU\conf\7313 |t Коммуникативные аспекты языка и культуры |o сборник материалов XIV Международной научно-практической конференции студентов и молодых ученых, г. Томск, 21-23 мая 2014 г. |o в 3 ч. |f Национальный исследовательский Томский политехнический университет (ТПУ), Институт международного образования и языковой коммуникации (ИМОЯК) ; под ред. С. А. Песоцкой |d 2014 | |
| 463 | 0 | |0 (RuTPU)RU\TPU\conf\7320 |t Ч. 3 |v [P. 26-30] |d 2014 | |
| 610 | 1 | |a труды учёных ТПУ | |
| 610 | 1 | |a электронный ресурс | |
| 610 | 1 | |a суеверия | |
| 610 | 1 | |a российская культура | |
| 610 | 1 | |a вьетнамская культура | |
| 610 | 1 | |a традиции | |
| 610 | 1 | |a русский язык | |
| 610 | 1 | |a вьетнамский язык | |
| 610 | 1 | |a приметы | |
| 700 | 1 | |a Kosheutova |b N. V. | |
| 701 | 1 | |a Osina |b P. M. | |
| 702 | 1 | |a Loginova |b A. V. |c linguist |c Senior Lecturer of Tomsk Polytechnic University |f 1976- |g Anna Vladimirovna |4 727 | |
| 702 | 1 | |a Aksenova |b N. V. |c linguist |c Senior Lecturer of Tomsk Polytechnic University |f 1979- |g Nataliya Valerievna |3 (RuTPU)RU\TPU\pers\32859 |4 727 | |
| 712 | 0 | 2 | |a Национальный исследовательский Томский политехнический университет (ТПУ) |b Институт кибернетики (ИК) |b Кафедра иностранных языков института кибернетики (ИЯИК) |3 (RuTPU)RU\TPU\col\18707 |
| 801 | 2 | |a RU |b 63413507 |c 20210917 |g RCR | |
| 856 | 4 | |u http://earchive.tpu.ru/handle/11683/21420 | |
| 856 | 4 | |u http://www.lib.tpu.ru/fulltext/c/2014/C77/V3/007.pdf | |
| 942 | |c BK | ||